|
|
|
|
| LEADER |
02089nam a2200553 i 4500 |
| 001 |
nkc20213304362 |
| 003 |
CZ PrNK |
| 005 |
20210430145910.0 |
| 007 |
ta |
| 008 |
210127s2020 xr f 001 0dslo |
| 015 |
|
|
|a cnb003304362
|
| 020 |
|
|
|a 978-80-7392-350-1
|q (MSD ;
|q brožováno)
|
| 035 |
|
|
|a (OCoLC)1245648010
|
| 040 |
|
|
|a BOA001
|b cze
|d ABA001
|e rda
|
| 041 |
0 |
|
|a slo
|b eng
|b slo
|
| 072 |
|
7 |
|a 930
|x Historická věda. Pomocné vědy historické. Archivnictví
|2 Konspekt
|9 8
|
| 080 |
|
|
|a 930.85(37/38)
|2 MRF
|
| 080 |
|
|
|a 930
|2 MRF
|
| 080 |
|
|
|a 80(=124+14)
|2 MRF
|
| 080 |
|
|
|a 80(=124+14)-051
|2 MRF
|
| 080 |
|
|
|a (048.8:082)
|2 MRF
|
| 100 |
1 |
|
|a Klokner, Tomáš,
|d 1986-
|7 ola2012730696
|4 aut
|
| 245 |
1 |
0 |
|a Sondy do dejín vied o antickom staroveku :
|b saepe summa ingenia in occulto latent /
|c Tomáš Klokner
|
| 250 |
|
|
|a Vydanie prvé
|
| 264 |
|
1 |
|a Brno :
|b MSD pre Vysokú školu Danubius,
|c 2020
|
| 300 |
|
|
|a 120 stran ;
|c 21 cm
|
| 336 |
|
|
|a text
|b txt
|2 rdacontent
|
| 337 |
|
|
|a bez média
|b n
|2 rdamedia
|
| 338 |
|
|
|a svazek
|b nc
|2 rdacarrier
|
| 500 |
|
|
|a 150 výtisků
|
| 504 |
|
|
|a Obsahuje bibliografii, bibliografické odkazy a rejstříky
|
| 546 |
|
|
|a Slovenské a anglické resumé
|
| 650 |
0 |
7 |
|a antika
|7 ph118500
|x historiografie
|2 czenas
|
| 650 |
0 |
7 |
|a historiografové
|7 ph317149
|2 czenas
|
| 650 |
0 |
7 |
|a klasická filologie
|7 ph121598
|2 czenas
|
| 650 |
0 |
7 |
|a klasičtí filologové
|7 ph870665
|2 czenas
|
| 650 |
0 |
9 |
|a antiquity
|x historiography
|2 eczenas
|
| 650 |
0 |
9 |
|a historiographers
|2 eczenas
|
| 650 |
0 |
9 |
|a classical philology
|2 eczenas
|
| 650 |
0 |
9 |
|a classical philologists
|2 eczenas
|
| 655 |
|
7 |
|a kolektivní monografie
|7 fd501537
|2 czenas
|
| 655 |
|
9 |
|a collective monographs
|2 eczenas
|
| 710 |
2 |
|
|a Vysoká škola Danubius
|7 xx0195042
|4 isb
|
| 910 |
2 |
|
|a BOA001
|b 2-1459.703
|
| 990 |
|
|
|a BK
|
| 995 |
|
|
|a 01
|
| 991 |
|
|
|b 202104
|c NOV
|
| 996 |
6 |
|
|b 2610856494
|c 2-1459.703
|l MZK
|r Sklad / do 1 hodiny
|n 0
|p p.v.
|w 001843579
|u 000010
|a 1
|e BOA001
|j MZK50
|s P
|
| 996 |
7 |
|
|b 2610856495
|c 2-1459.703
|l MZK
|r Sklad / do 1 hodiny
|n 0
|p p.v.
|w 001843579
|u 000020
|a 1
|e BOA001
|j MZK50
|s A
|